书目信息 |
| 题名: |
dBASEⅡ使用方法
|
|
| 作者: | 培斯 , Pace 著 ;王懋江 译 | |
| 分册: | ||
| 出版信息: | 北京 中国铁道出版社 1987 |
|
| 页数: | 194页 | |
| 开本: | 19cm | |
| 丛书名: | ||
| 单 册: | ||
| 中图分类: | TP392 | |
| 科图分类: | ||
| 主题词: | 计算机应用 | |
| 电子资源: | ||
| ISBN: | ||
| 000 | 00723nam0 2200265 45 | |
| 001 | 0187014267 | |
| 005 | 20040519175201.7 | |
| 010 | @dCNY1.25 | |
| 091 | @a15043.4230 | |
| 100 | @a19960128d1987 em y0chiy0121 ea | |
| 101 | 1 | @achi@ceng |
| 102 | @aCN@b110000 | |
| 105 | @ay z 000yy | |
| 106 | @ar | |
| 200 | 10 | @adBASEⅡ使用方法@AdBASEⅡ shi yong fang fa@f(英)培斯(Pace,M.D.)著@g王懋江译 |
| 210 | @a北京@c中国铁道出版社@d1987 | |
| 215 | @a194页@d19cm | |
| 606 | 0 | @a计算机应用 |
| 690 | @aTP392 | |
| 701 | 1 | @a培斯@bM.D.@4著@Apei si |
| 701 | A1 | @aPace@bM.D.@4著 |
| 702 | 0 | @a王懋江@4译@Awang mao jiang |
| 801 | 0 | @aCN@b深圳图书馆@c20040519 |
| 801 | 2 | @aCN@bNLC@c20040519 |
| 905 | @f4@b203447-450@dTP392@e11 | |
| dBASEⅡ使用方法/(英)培斯(Pace,M.D.)著/王懋江译.-北京:中国铁道出版社,1987 |
| 194页;19cm |
| ISBN :CNY1.25 |
| ● |
| 相关链接 |
|
|
|
|
正题名:dBASEⅡ使用方法
索取号:TP392/11
 
预约/预借
| 序号 | 登录号 | 条形码 | 馆藏地/架位号 | 状态 | 备注 |
| 1 | 0203447 | 001642244 | 密集书库/ [索取号:TP392/11] | 在馆 | |
| 2 | 0203448 | 001642333 | 密集书库/ [索取号:TP392/11] | 在馆 | |
| 3 | 0203449 | 001642100 | 密集书库/ [索取号:TP392/11] | 在馆 | |
| 4 | 0203450 | 001642093 | 密集书库/ [索取号:TP392/11] | 在馆 | |
| 5 | 0203451 | 001642379 | 第二样本阅览室/ [索取号:TP392/11] | 在馆 |